00376nam a2200133Ia 45000010005000000080041000050200018000460820024000641000024000882450048001122600040001609010027002009990015002272234241024s9999 xx 000 0 und d a84-921845-7-4 aRD/972.93054/B742d2 acomp. Inoa, Orlando 0aJuan Bosch. Discursos políticos 1961-1966 bPresidencia de la Repúblicac2005 a14/5/2012 3:32:09 p.m. c7556d7556